Statistiques concernant Paroles - Emma - Vianney

Cliquez ici pour prendre le quiz!

Statistiques générales

  • Ce quiz a été pris 20 fois
  • Le résultat moyen est 114 sur 144

Statistiques - réponses

Réponse% Correct
Emma
100%
est
92%
je
92%
la
92%
de
83%
et
83%
Et
83%
moi
83%
pas
83%
pour
83%
tes
83%
t'es
83%
T'es
83%
toi
83%
tu
83%
une
83%
belle
75%
ces
75%
C'est
75%
c'est
75%
chante
75%
danses
75%
l'eau
75%
penses
75%
vie
75%
ça
67%
changer
67%
connais
67%
fumé
67%
habitude
67%
joues
67%
J'te
67%
jusqu'au
67%
n'le
67%
que
67%
rude
67%
sais
67%
Sur
67%
t'as
67%
tente
67%
tout
67%
y'a
67%
cent
58%
fois
58%
J't'envoie
58%
l'on
58%
mégot
58%
mots
58%
s'est
58%
trop
58%
vus
58%

Distribution des résultats

Percentile par nombre de réponses

% des personnes avec chaque résultat

Votre développement - résultats

Vous n’avez pas pris ce quiz